|
|
|
|
| LEADER |
00000nam0a2200000 4500 |
| 001 |
111363 |
| 005 |
20231031120824.0 |
| 035 |
|
|
|a (RuTPU)RU\TPU\book\120264
|
| 090 |
|
|
|a 111363
|
| 100 |
|
|
|a 20070314d1891 m y0rusy50 ca
|
| 101 |
0 |
|
|a rus
|
| 102 |
|
|
|a RU
|
| 105 |
|
|
|a y z 000zy
|
| 200 |
1 |
|
|a Рисование и черчение в наших школах
|f А. Маккавьев
|
| 210 |
|
|
|a Санкт-Петербург
|c Типография М. М. Стасюлевича
|d 1891
|
| 215 |
|
|
|a 25 с.
|
| 316 |
|
|
|5 63413507: 237//327
|a Владельческий переплет: " Ф.Б.Т.А.Р.У."
|
| 317 |
|
|
|5 63413507: 237//327
|a Поступила в НТБ в 1923-1924 г. по распоряжению Наркомпроса
|
| 610 |
1 |
|
|a рисование
|
| 610 |
1 |
|
|a рисунки
|
| 610 |
1 |
|
|a черчение
|
| 610 |
1 |
|
|a обучение
|
| 610 |
1 |
|
|a преподавание
|
| 610 |
1 |
|
|a библиотека Томского Алексеевского Реального Училища (ТАРУ)
|
| 675 |
|
|
|a 744
|v 3
|
| 700 |
|
1 |
|a Маккавьев
|b А.
|
| 801 |
|
1 |
|a RU
|b 63413507
|c 20070314
|g PSBO
|
| 801 |
|
2 |
|a RU
|b 63413507
|c 20170215
|g PSBO
|
| 942 |
|
|
|c BK
|